| 000 | 00925nas a2200289 4500 | ||
|---|---|---|---|
| 001 | BR0500286 | ||
| 003 | BR-BrBNA | ||
| 005 | 20231205105109.0 | ||
| 007 | ta | ||
| 008 | 230509b bl.|||p| |||| 00| 00por d | ||
| 040 |
_aBR-BrBNA _bpor _cBiblioteca Nacional de Agricultura |
||
| 041 | _a(Pt) | ||
| 072 | _aF63 | ||
| 100 | 1 | _aLenzi, M. | |
| 100 | 1 | _aOrth, A.I. | |
| 245 | 1 | _aCaracterização funcional do sistema reprodutivo da aroeira vermelha (Schinus terebinthifolius Raddi), em Florianópolis, SC, Brasil | |
| 650 | _aAROEIRA | ||
| 650 | _aÁRVORE ANGIOSPERMA | ||
| 650 | _aANACARDIACEAE | ||
| 650 | _aREPRODUÇÃO VEGETAL | ||
| 650 | _aFECUNDAÇÃO VEGETAL | ||
| 650 | _aPOLIEMBRIONIA | ||
| 650 | _aSANTA CATARINA | ||
| 773 | 0 |
_tRevista Brasileira de Fruticultura (Brazil) _xISSN 0100-2945 _g(Aug 2004), v. 26(2) p. 198-201 _wBR0500286 |
|
| 909 |
_a202311 _bLúcia _c55 _dLúcia Elande |
||
| 942 |
_2AGRIS _n0 _cANA |
||
| 999 |
_c181231 _d181231 |
||